Vainqueurs Ninja Warrior - Statistiques

Statistiques générales
  • Ce quiz a été pris 136 fois
    131 depuis la dernière actualisation
  • Le résultat moyen est 5 sur 11
Statistiques - réponses
Hint Réponse % Correct
Saison 7 Charles Poujade
86%
Saison 6 et 7 Clément Gravier
86%
Saison 3, 4, 5 et 6 Jean Tezenas
69%
Saison 6 et 7 Ilian Cherif
36%
Saison 7 Clément Dumais
31%
Saison 7 Antoine Gravier
30%
Saison 2 Thomas Ballet
30%
Saison 4 Thomas Hubener
27%
Saison 1 Valentin Dubois
26%
Saison 4 Nicolas Cerquant
22%
Saison 6 Michel Lagic
12%
Aucun quiz correspondant
Distribution des résultats
% des personnes avec chaque résultat
Percentile par nombre de réponses
Votre historique - résultats
Vous n’avez pas pris ce quiz depuis la dernière actualisation